00263nam a2200109Ia 4500008004100000041000800041082002100049100002000070245001800090260003600108300000900144230411s9999 xx 000 0 und d aeng aX/891/CHA/B09736 aChaitanya Mukta aTera te Tevis bSamakalin PrakashanaPunec2015 a149p